000
00259nam a2200097Ia 4500
001
1064295
005
20250827001712.0
008
250824s9999 xx 000 0 und d
245
0
_a
KÜLLER ALTINDA YAKIN TARİH 1
_c
MUSTAFA ARMAĞAN
260
_b
KETEBE YAYINLARI
999
_c
1064295
_d
1064295